000 01442nam a22003977a 4500
999 _c81167
_d81167
005 20181022154647.0
010 _aENG-108803 B-710621
020 _a9781259026713
_c650.00
020 _a125902671x
_c650.00
020 _a9781259026713
_c760.00 (AV)
020 _a9780070620032
035 _aEN-92336
035 _aB-534882-884
035 _aB-664561
035 _aB-710621
037 _bDBAD/PUB
037 _bBSB/Ven
_adpl
037 _bTata Mc Graw Hill
082 _a658.4038011
082 _a658.4038
100 _aO’Brien, James A.
_d1936-
245 _aManagement information systems /
_cby James A. O’Brien, George M. Marakas [and] Ramesh Behl
250 _a7th ed.
260 _aNew Delhi
_bMcGraw Hill Education
_c2013
_c2009
270 _aP-24 Green Park Extension
_bNew Delhi
_e110016
270 _a7 West Patel Nagar
_bNew Delhi
_e110008
300 _axxvii, 617p.
_c24cm (pbk)
_bill.
500 _aIncludes bibliographical references and index
650 _aManagement information systems
700 _aMarakas, George M.
700 _aBehl, Ramesh
942 _2ddc
_cEN
_mOBR
_h658.4038